00521nam a2200157 i 4500001000700000003000900007005001700016007000300033008004100036100003300077245012100110260004100231300003200272650003800304852002100342100168ES-MaACL20250827051504.0t|050922s1944 sp f |||| |dspa d1 aMartínez-Valverde, Carlos.10aMeridianos b: memorias de un alférez de navío en un viaje de circunnavegación / cCarlos Martínez-Valverde. aMadrid : bEditora Nacional, c1944. a298 p., 6 lám. ; c22 cm.07aViajes alrededor del mundo2embne aES-MaACLjE-1896